Statistics for Jurassic Park Trivia

Click here to take the quiz!

General Stats

  • This quiz has been taken 1,676 times
    (1,637 since last reset)
  • The average score is 12 of 19

Answer Stats

HintAnswer% Correct
What dinosaur is brought to San Diego in the second movie?T-rex
93%
Who directed the first two Jurassic Park movies?Steven Spielberg
89%
What dinosaur hatches in the lab?Velociraptor
88%
What animal was used to lure the T-rex into view?A goat
87%
What type of animal DNA was used to fill in the gaps of the dinosaur DNA codes?Frog
82%
What is Dr. Grant's first name?Alan
80%
How many Academy Awards did Jurassic Park win?3
77%
Whose idea was it to create Jurassic Park?John Hammond
74%
What was the last thing Robert Muldoon (Bob Peck) say before he got eaten by velociraptors?Clever girl
73%
Who plays Dr. Ian Malcom?Jeff Goldblum
71%
What was (the answer above)'s company's name?Ingen
67%
What island does the first movie take place?Isla Nublar (site A)
66%
What island do the other two movies take place?Isla Sorna (site B)
65%
What dinosaur kills a T-rex in the third movie?Spinosaurus
61%
What was the first dinosaur Dr. Grant sees when he arrives on the island?Brachiosaurus
54%
What are the two grandchildren's names from the first movie?Lex and Tim
49%
What does the banner say in the visitor's center?When dinosaurs ruled the earth
39%
Who directed the third Jurassic Park film?Joe Johnston
18%
What is the name of the boat that takes the actors to the island in the second movie?The Venture
2%

Score Distribution

Percentile by Number Answered

Percent of People with Each Score

Your Score History

You have not taken this quiz since the last reset